Responses for Show #2078 - Wednesday, September 22, 1993

Contestants

[<< previous game]

Barbara Elem, a 3rd grade teacher from East Brunswick, New Jersey

Dave Osborne, a television production assistant from Chicago, Illinois

Lieutenant Commander Alan Echt, an industrial hygienist from Cincinnati, Ohio (whose 1-day cash winnings total $14,001)

[next game >>]

Jeopardy! Round responses

JULY 1993
FAMOUS WOMEN
U.S.A.
INVENTIONS
RESTAURANTS
3-LETTER WORDS
    $100 13
Mississippi

Alan
    $100 1
Michelle Pfeiffer

Alan
    $100 22
Rockies

Alan
    $100 4
light bulb

Alan
    $100 9
pheasant

Alan
    $100 12
tip

Alan
    $200 14
District of Columbia

Alan
    $200 2
Carrie Fisher

Alan
    $200 23
New Jersey

Dave
    $200 5
safety pin

Alan
    $200 10
Roseanne Arnold

Barbara
    $200 16
pew

Dave
    $300 15
South Africa

Dave
    $300 3
(Barbara: Who is Tammy Wynette?)

Wynonna Judd

DaveBarbara
    $300 26
lakes

Triple Stumper
    $300 6
microwave oven

Alan
    $300 11
Virginia

Dave
    $300 17
cat

Alan
    $400 24
Post Office

Dave
    $400 20
King Hussein

Dave
    $400 27
New Bedford

Dave
    $400 7
cash register

Barbara
    $400 29
(Barbara: What are ice cream sodas?)
(Alan: What is ice cream?)

vodka

AlanBarbara
Triple Stumper
    $400 18
gun

Dave
    $500 25
(William) Sessions

Dave
    $500 21
(Dave: Who is Nazimova?)
(Barbara: Who is...)
(Alex: Say something.)

Anna Pavlova

DaveBarbara
Triple Stumper
    $500 28
(Dave: What is Mt. [sounded like] Tellam?)

Mount Hood

Dave
    $500 8
seismograph

Alan
    $500 30
Chicago

Dave
    $500 19
art

Barbara

Scores at the first commercial break (after clue 15):

Alan Dave Barbara
$1,900 $900 $300

Scores at the end of the Jeopardy! Round:

Alan Dave Barbara
$1,900 $2,900 -$100

Double Jeopardy! Round responses

PSYCHOLOGY
SPORTS
HISTORY
FABRICS
WORLD GEOGRAPHY
AUTHORS
    $200 16
sleep

Dave
    $200 5
(Barbara: Who is Jackie Joyner-Kersee?)
...
(Alex: Yes, the other one.)

Florence Griffith Joyner

DaveBarbara
    $200 10
Joan of Arc

Dave
    $200 15
Janus

Dave
    $200 26
Nile

Barbara
    $200 1
Claire Boothe Luce

Alan
    $400 17
A

Dave
    $400 6
golf

Dave
    $400 11
Norway

Alan
    $400 22
velvet

Dave
    $400 27
Bay of Bengal

Triple Stumper
    $400 2
Martin Cruz Smith

Alan
    $600 18
(Barbara: What is a sanitarium?)

asylum

Barbara
Triple Stumper
    $600 7
Buster

Dave
    $600 12
Cook

Alan
    $600 23
batten

Barbara
    $600 28
Khyber Pass

Alan
    $600 3
(James) Clavell

Alan
    $800 19
pleasure

Barbara
    $800 8
Penn State

Dave
    $2,000 13
(Alan: What is Thailand?)

Singapore

Alan
    $800 24
(Alex: [*] is right & we have about a minute left in this round.)

France

Barbara
    $800 29
Black Sea

Triple Stumper
    $800 4
Evelyn Waugh

Dave
    $1000 20
(Carl Gustav) Jung

Dave
    $1000 9
(Alan: Who is Fay Vincent?)

Bowie Kuhn

AlanDave
    $1000 14
(Alan: Who is Mary?)

Anne

AlanBarbara
    $1000 25
cotton

Barbara
    $600 30
(Alan: What is the Danube?)

Po

Alan
    $1000 21
Mary McCarthy

Barbara

Scores at the end of the Double Jeopardy! Round:

Alan Dave Barbara
$100 $9,100 $4,500
(lock game)

[wagering suggestions for these scores]

Final Jeopardy! Round responses

THE U.S. CONGRESS
AlanWhat is New York
$100
BarbaraWhat is Maine
$0
DaveWhat is New York
$99
New York

Final scores:

Alan Dave Barbara
$200 $9,199 $4,500
3rd place: Wallace punch bowl set + Jeopardy! & Wheel of Fortune for SNES and Sega Genesis + Jeopardy! home game New champion: $9,199 2nd place: Twinhead Slimnote laptop with In-House Accountant software + Jeopardy! home game

Game dynamics:

Coryat scores:

Alan Dave Barbara
$2,700 $9,600 $4,500
18 R,
5 W
(including 2 DDs)
23 R,
2 W
(including 1 DD)
10 R,
5 W

Combined Coryat: $16,800

[game clues] [game scores] [suggest correction]

Game tape date: 1993-07-26
The J! Archive is created by fans, for fans. Scraping, republication, monetization, and malicious use prohibited; this site may use cookies and collect identifying information. See terms. The Jeopardy! game show and all elements thereof, including but not limited to copyright and trademark thereto, are the property of Jeopardy Productions, Inc. and are protected under law. This website is not affiliated with, sponsored by, or operated by Jeopardy Productions, Inc. Join the discussion at JBoard.tv.